[Event "European Blitz-ch 2018"]
[Site "Skopje"]
[Date "2018.12.06"]
[Round "6"]
[White "Stojanovski, Dejan"]
[Black "Guseinov, Gadir"]
[Result "1/2-1/2"]
[WhiteElo "2430"]
[BlackElo "2664"]
[Annotator "TA"]
[PlyCount "175"]
[EventDate "2018.12.06"]
[EventType "swiss"]
[EventCountry "MKD"]

1. d4 Nf6 2. Nf3 g6 3. Nbd2 Bg7 4. e4 d6 5. Bc4 O-O 6. O-O Nc6 7. c3 e5 8. dxe5 dxe5 9. Qe2 Nh5 10. Nb3 h6 11. Be3 Qf6 12. h3 Nd8 13. Rfd1 Ne6 14. Bxe6 Bxe6 15. Nc5 b6 16. Nd7 Bxd7 17. Rxd7 Qc6 18. Rd5 Rae8 19. Rad1 Nf6 20. Rxe5 Nxe4 21. Rxe8 Rxe8 22. Qd3 Nd6 23. Bd4 Qc4 24. Bxg7 Qxd3 25. Rxd3 Kxg7 26. Kf1 Kf6 27. b3 a5 28. Nd4 a4 29. bxa4 Ra8 30. Nb5 Nxb5 31. axb5 Ke6 32. Ke2 Rxa2+ 33. Ke3 f5 34. g3 g5 35. c4 Rc2 36. Rd4 Ke5 37. Rd5+ Ke6 38. Rd4 Rc1 39. h4 Rc2 40. hxg5 hxg5 41. Kf3 Rc3+ 42. Ke2 Ke5 43. Rd5+ Ke4 44. g4 Rc2+ 45. Kf1 fxg4 46. Rxg5 Kf4 47. Rg7 Rxc4 48. Rf7+ Ke5 49. Kg2 c6 50. bxc6 Rxc6 51. Rg7 Rc4 52. Rg5+ Kf4 53. Rb5 Rc6 54. Rb4+ Kg5 55. Kg3 Rc3+ 56. Kg2 Rc6 57. Kg3 Kf5 58. Rf4+ Ke5 59. Rxg4 Kd5 60. Kf3 b5 61. Ke3 Rf6 62. Kd3 Rxf2 63. Kc3 Kc5 64. Rg5+ Kb6 65. Kb4 Rf4+ 66. Kb3 Ka5 67. Rg3 Rb4+ 68. Ka3 Rb1 69. Ka2 Rc1 70. Kb3 Re1 71. Rf3 Rg1 72. Re3 Rg4 73. Rf3 Rh4 74. Rg3 Rb4+ 75. Ka3 Rd4 76. Kb3 Rd5 77. Rf3 Rg5 78. Re3 Kb6 79. Kb4 Rg4+ 80. Kb3 Rh4 81. Rf3 Rh5 82. Re3 Kc5 83. Rc3+ Kd4 84. Rg3 Rh1 85. Kb4 Rb1+ 86. Rb3 Rxb3+ 87. Kxb3 b4 88. Kxb4 1/2-1/2

[Event "European Blitz-ch 2018"]
[Site "Skopje"]
[Date "2018.12.06"]
[Round "6"]
[White "Tejedor Fuente, Enrique"]
[Black "Pershin, Denis"]
[Result "1/2-1/2"]
[WhiteElo "2428"]
[BlackElo "2400"]
[Annotator "TA"]
[PlyCount "325"]
[EventDate "2018.12.06"]
[EventType "swiss"]
[EventCountry "MKD"]

1. e4 c6 2. Nc3 d5 3. Nf3 Bg4 4. h3 Bxf3 5. Qxf3 Nf6 6. d3 e6 7. g4 Bc5 8. Bd2 Bd4 9. Bg2 Qb6 10. Nd1 Nbd7 11. Qe2 O-O-O 12. c3 Bc5 13. e5 Ne8 14. a4 f6 15. b4 Be7 16. exf6 Bxf6 17. a5 Qc7 18. Ne3 Nd6 19. Rc1 Kb8 20. c4 dxc4 21. dxc4 h5 22. a6 hxg4 23. hxg4 Rxh1+ 24. Bxh1 Nf7 25. Nf1 Nde5 26. Rc3 Ng6 27. Rd3 Rh8 28. Be4 Nfe5 29. Rc3 Nh4 30. g5 Be7 31. c5 bxa6 32. Qxa6 Rf8 33. Qe2 Qd7 34. f4 Neg6 35. Rd3 Qc7 36. Bxg6 Nxg6 37. Qxe6 Nxf4 38. Bxf4 Qxf4 39. Ne3 Qg3+ 40. Kd1 Bxg5 41. Qd6+ Qxd6 42. cxd6 Bxe3 43. Rxe3 Rd8 44. Re6 Kb7 45. Re7+ Kb6 46. Rxg7 Rxd6+ 47. Kc2 Rd5 48. Kc3 Rh5 49. Rg3 Rf5 50. Kb3 Rd5 51. Rc3 Rb5 52. Ka4 Rd5 53. Rh3 Rd4 54. Kb3 Rd1 55. Kc2 Rd4 56. Kc3 Rf4 57. Rg3 Rf5 58. Kc4 Rd5 59. Rg8 Rd7 60. Rb8+ Rb7 61. Rh8 Rf7 62. Rb8+ Kc7 63. Ra8 Kb7 64. Rh8 Rf4+ 65. Kc5 Rf5+ 66. Kc4 Kb6 67. Rb8+ Kc7 68. Ra8 Kb7 69. Rg8 Rf7 70. Rh8 Rg7 71. Rf8 Kc7 72. Ra8 Kd6 73. Rd8+ Rd7 74. Rh8 Kc7 75. Rh6 Rf7 76. Rh4 Kb6 77. Rh8 Kc7 78. Rh4 Rf1 79. Rh8 Rc1+ 80. Kb3 Rb1+ 81. Kc4 Kb7 82. Rg8 a6 83. Rh8 Kc7 84. Ra8 Rc1+ 85. Kb3 Ra1 86. Rh8 Kb7 87. Kb2 Rd1 88. Kc2 Rg1 89. Kc3 Rg4 90. Kb3 Kb6 91. Rb8+ Kc7 92. Rh8 Rg1 93. Rf8 Kb7 94. Rh8 Ka7 95. Re8 Rb1+ 96. Kc4 Ra1 97. Rh8 Kb7 98. Rg8 Ra3 99. Rh8 Rf3 100. Rg8 Kc7 101. Rh8 Rf7 102. Rg8 Kb6 103. Rb8+ Rb7 104. Rh8 Re7 105. Rb8+ Kc7 106. Rh8 Re1 107. Rg8 Rc1+ 108. Kb3 Kb7 109. Rh8 Rb1+ 110. Kc3 Kb6 111. Rb8+ Kc7 112. Rg8 Ra1 113. Kb2 Rf1 114. Kc3 Rf4 115. Rh8 Rf5 116. Rg8 a5 117. bxa5 Rxa5 118. Rg7+ Kb6 119. Rg8 Rf5 120. Rg3 Ra5 121. Kb3 Rb5+ 122. Kc2 Rb4 123. Rh3 Kb5 124. Rg3 Rc4+ 125. Kb3 Rc5 126. Rg8 Rc1 127. Rb8+ Kc5 128. Kb2 Rc4 129. Rd8 Rd4 130. Rc8 Rd3 131. Kc2 Rh3 132. Rc7 Kd5 133. Rc8 c5 134. Rd8+ Kc4 135. Rd2 Ra3 136. Kb2 Rb3+ 137. Kc2 Rc3+ 138. Kb2 Rd3 139. Rh2 Kb4 140. Kc2 Ra3 141. Kb2 Rb3+ 142. Kc2 Rc3+ 143. Kb2 Rf3 144. Rh4+ c4 145. Rh2 Ra3 146. Rh4 Rb3+ 147. Kc2 Rf3 148. Rh2 Ra3 149. Rh4 Ra2+ 150. Kb1 Rd2 151. Rh3 Rd3 152. Rh2 Kc3 153. Kc1 Rf3 154. Rc2+ Kd4 155. Rd2+ Rd3 156. Kc2 Ke3 157. Rh2 Ke4 158. Rh8 Rd5 159. Kc3 Rc5 160. Rd8 Ke5 161. Rd4 Rc6 162. Rxc4 Rxc4+ 163. Kxc4 1/2-1/2

[Event "European Blitz-ch 2018"]
[Site "Skopje"]
[Date "2018.12.06"]
[Round "6"]
[White "Radovanovic, Nikola"]
[Black "Djukic, Nikola"]
[Result "1-0"]
[WhiteElo "2418"]
[BlackElo "2574"]
[Annotator "TA"]
[PlyCount "41"]
[EventDate "2018.12.06"]
[EventType "swiss"]
[EventCountry "MKD"]

1. d4 Nf6 2. c4 g6 3. Nc3 d5 4. cxd5 Nxd5 5. e4 Nxc3 6. bxc3 Bg7 7. Nf3 c5 8. Be3 Qa5 9. Nd2 cxd4 10. cxd4 O-O 11. Be2 Nc6 12. O-O Bd7 13. Nb3 Qd8 14. Rc1 Na5 15. d5 f5 16. d6 exd6 17. Qd5+ Kh8 18. Qxa5 fxe4 19. Qxd8 Rfxd8 20. Rc7 b6 21. Bg5 1-0

[Event "European Blitz-ch 2018"]
[Site "Skopje"]
[Date "2018.12.06"]
[Round "6"]
[White "Jacimovic, Dragoljub"]
[Black "Salgado Lopez, Ivan"]
[Result "0-1"]
[WhiteElo "2398"]
[BlackElo "2629"]
[Annotator "TA"]
[PlyCount "68"]
[EventDate "2018.12.06"]
[EventType "swiss"]
[EventCountry "MKD"]

1. d4 Nf6 2. c4 g6 3. Nc3 d5 4. cxd5 Nxd5 5. Qb3 Nxc3 6. bxc3 Bg7 7. Ba3 O-O 8. e3 b6 9. Nf3 c5 10. Be2 Be6 11. Qb1 Nc6 12. O-O Na5 13. Rd1 Qc7 14. e4 Bc4 15. Qc2 Rac8 16. d5 Bxe2 17. Qxe2 Bxc3 18. Rac1 Bg7 19. e5 Rcd8 20. Qe4 Qb7 21. Rb1 Qa6 22. Qh4 f6 23. Bc1 Qc4 24. Qh3 f5 25. d6 exd6 26. Bg5 Rd7 27. exd6 Qg4 28. Be7 Re8 29. Qxg4 fxg4 30. Ng5 Nc6 31. Ne6 Nxe7 32. Nc7 Rf8 33. dxe7 Rxe7 34. Nd5 Ref7 0-1

[Event "European Blitz-ch 2018"]
[Site "Skopje"]
[Date "2018.12.06"]
[Round "6"]
[White "Timmermans, Mark"]
[Black "Erdos, Viktor"]
[Result "1/2-1/2"]
[WhiteElo "2375"]
[BlackElo "2605"]
[Annotator "TA"]
[PlyCount "82"]
[EventDate "2018.12.06"]
[EventType "swiss"]
[EventCountry "MKD"]

1. b4 e5 2. Bb2 Bxb4 3. Bxe5 Nf6 4. c4 O-O 5. e3 d5 6. Nf3 Re8 7. Bb2 Nc6 8. cxd5 Nxd5 9. Be2 Qd6 10. O-O Qg6 11. Kh1 Bg4 12. Nh4 Bxe2 13. Qxe2 Qe4 14. Nf3 Nf4 15. Qb5 Nd3 16. Nc3 Qg6 17. Rab1 Nxb2 18. Rxb2 Bxc3 19. dxc3 b6 20. Nd4 Ne5 21. a4 c6 22. Qb3 Rad8 23. a5 b5 24. a6 Nd3 25. Ra2 h6 26. c4 b4 27. c5 Nxc5 28. Qxb4 Ne4 29. Qb7 c5 30. Nc6 Rd2 31. Rxd2 Nxd2 32. Re1 Ne4 33. Kg1 Nd2 34. Qd7 Nf3+ 35. Kf1 Nxh2+ 36. Kg1 Nf3+ 37. Kf1 Nh2+ 38. Kg1 Re6 39. Kxh2 Rxc6 40. Qxa7 Rxa6 41. Qxc5 Qd6+ 1/2-1/2

[Event "European Blitz-ch 2018"]
[Site "Skopje"]
[Date "2018.12.06"]
[Round "6"]
[White "Galopoulos, Nikolaos"]
[Black "Ivanisevic, Ivan"]
[Result "1-0"]
[WhiteElo "2356"]
[BlackElo "2603"]
[Annotator "TA"]
[PlyCount "101"]
[EventDate "2018.12.06"]
[EventType "swiss"]
[EventCountry "MKD"]

1. d4 Nf6 2. Nf3 e6 3. c4 c5 4. e3 d5 5. Nc3 a6 6. a3 dxc4 7. Bxc4 b5 8. Be2 Bb7 9. O-O Nbd7 10. dxc5 Nxc5 11. b4 Qxd1 12. Rxd1 Nb3 13. Rb1 Nxc1 14. Rbxc1 Be7 15. a4 Bxb4 16. axb5 a5 17. Na4 O-O 18. Nd4 g6 19. Nc6 Kg7 20. Nb6 Rae8 21. Rb1 Bxc6 22. bxc6 Rb8 23. Nd7 Nxd7 24. Rxd7 Rb6 25. Bf3 Rc8 26. g3 Rb5 27. Ra7 Rf5 28. Kg2 h5 29. Rc1 Kf6 30. Rd1 g5 31. Bxh5 Kg7 32. Bf3 g4 33. Bxg4 Rc5 34. Bf3 R8xc6 35. Bxc6 Rxc6 36. Rdd7 Rc2 37. Rxf7+ Kg6 38. h4 Be1 39. Rf4 e5 40. Rf3 Bb4 41. g4 Rc6 42. Rf5 e4 43. h5+ Kh6 44. Raf7 Bc3 45. Kg3 a4 46. Kh4 Bg7 47. g5+ Kh7 48. Ra5 Kg8 49. Raa7 Bf8 50. g6 a3 51. Ra8 1-0

[Event "European Blitz-ch 2018"]
[Site "Skopje"]
[Date "2018.12.06"]
[Round "6"]
[White "Putka, Verners"]
[Black "Laznicka, Viktor"]
[Result "1-0"]
[WhiteElo "2307"]
[BlackElo "2675"]
[Annotator "TA"]
[PlyCount "103"]
[EventDate "2018.12.06"]
[EventType "swiss"]
[EventCountry "MKD"]

1. d4 d5 2. Nf3 Nf6 3. g3 c6 4. Bg2 Bf5 5. O-O e6 6. c4 Nbd7 7. Nc3 h6 8. Nd2 Be7 9. e4 dxe4 10. Ndxe4 O-O 11. Be3 Ng4 12. Qe2 Nxe3 13. fxe3 Bg6 14. Rad1 Qc7 15. Rc1 Rad8 16. a3 c5 17. d5 a6 18. Rcd1 Ne5 19. Bh3 exd5 20. Rxd5 b5 21. cxb5 Bxe4 22. Rxd8 Rxd8 23. Nxe4 axb5 24. Qxb5 c4 25. Rf2 Rd3 26. Bf1 Rxe3 27. Nc3 Bc5 28. Kg2 Qc8 29. Bxc4 Kh7 30. Bd5 f5 31. Re2 Ng4 32. Bf3 Rxf3 33. Kxf3 Qa8+ 34. Kf4 Bd6+ 35. Kxf5 Qf3+ 36. Ke6 Qf6+ 37. Kd7 Be5 38. Qd5 Qf5+ 39. Kc6 Nf6 40. Qc4 Qc8+ 41. Kb5 Qd7+ 42. Kb4 Qb7+ 43. Qb5 Bxc3+ 44. bxc3 Nd5+ 45. Kc4 Qxb5+ 46. Kxb5 Nxc3+ 47. Kc5 Nxe2 48. a4 Nc1 49. Kc4 Ne2 50. a5 Ng1 51. a6 Nf3 52. Kd5 1-0

[Event "European Blitz-ch 2018"]
[Site "Skopje"]
[Date "2018.12.06"]
[Round "6"]
[White "Jovic, Stanoje"]
[Black "Bosiocic, Marin"]
[Result "0-1"]
[WhiteElo "2240"]
[BlackElo "2599"]
[Annotator "TA"]
[PlyCount "64"]
[EventDate "2018.12.06"]
[EventType "swiss"]
[EventCountry "MKD"]

1. c4 e5 2. Nc3 Bb4 3. Nf3 Bxc3 4. bxc3 d6 5. g3 f5 6. d3 Nf6 7. Bg2 O-O 8. O-O Nc6 9. Rb1 Rb8 10. Ba3 Bd7 11. c5 d5 12. d4 e4 13. Ne5 Qe8 14. Nxc6 Bxc6 15. e3 g5 16. f4 exf3 17. Qxf3 Ne4 18. Rb2 Nxc3 19. g4 fxg4 20. Qg3 Rxf1+ 21. Bxf1 Qe6 22. Rc2 Ne4 23. Qxc7 Rf8 24. Bd3 Rf7 25. Qb8+ Kg7 26. Bb4 Nxc5 27. Bxc5 Qxe3+ 28. Kh1 Qxd3 29. Qe5+ Kg6 30. Qe6+ Rf6 31. Qg8+ Kh5 32. Qe8+ Bxe8 0-1

[Event "European Blitz-ch 2018"]
[Site "Skopje"]
[Date "2018.12.06"]
[Round "9"]
[White "Navara, David"]
[Black "Ruck, Robert"]
[Result "1-0"]
[WhiteElo "2736"]
[BlackElo "2512"]
[Annotator "TA"]
[PlyCount "87"]
[EventDate "2018.12.06"]
[EventType "swiss"]
[EventCountry "MKD"]

1. e4 Nf6 2. e5 Nd5 3. d4 d6 4. Nf3 dxe5 5. Nxe5 c6 6. Be2 Bf5 7. O-O Nd7 8. Nf3 e6 9. c4 N5f6 10. Bf4 Be7 11. Re1 O-O 12. Nbd2 Ne4 13. Nb3 Bb4 14. Rf1 Bd6 15. Be3 Re8 16. Bd3 Bg6 17. Qc2 Nef6 18. Bxg6 hxg6 19. Rad1 Qc7 20. h3 e5 21. c5 Bf8 22. Qc1 Nd5 23. dxe5 Nxe5 24. Nxe5 Qxe5 25. Bd4 Qf5 26. Rfe1 Rad8 27. Kh2 Re6 28. Rxe6 Qxe6 29. Re1 Qd7 30. g3 Be7 31. Qc4 Bf6 32. Na5 Qc7 33. b4 Qd7 34. a3 Qc7 35. Bxf6 Nxf6 36. Kg2 Qd7 37. Re2 Rc8 38. Qf4 b6 39. cxb6 axb6 40. Nc4 c5 41. Qf3 Rb8 42. Ne5 Qa4 43. Nc6 Rf8 44. Ne7+ 1-0

[Event "European Blitz-ch 2018"]
[Site "Skopje"]
[Date "2018.12.06"]
[Round "9"]
[White "Artemiev, Vladislav"]
[Black "Ragger, Markus"]
[Result "1-0"]
[WhiteElo "2709"]
[BlackElo "2687"]
[Annotator "TA"]
[PlyCount "79"]
[EventDate "2018.12.06"]
[EventType "swiss"]
[EventCountry "MKD"]

1. e4 e5 2. Bc4 Nf6 3. d3 Nc6 4. Nc3 Bb4 5. Nge2 d5 6. exd5 Nxd5 7. O-O Nxc3 8. bxc3 Bd6 9. Ng3 O-O 10. Qh5 Qf6 11. Ne4 Qg6 12. Qxg6 hxg6 13. f4 Bf5 14. Bd5 Rad8 15. Rb1 exf4 16. Rxb7 Na5 17. Rb5 c6 18. Nxd6 cxb5 19. Ba3 Be6 20. Bf3 Bd7 21. Rb1 g5 22. Bc5 Kh7 23. Ne4 Kg6 24. Bxf8 Rxf8 25. Nc5 Be8 26. Re1 f6 27. Re7 Bf7 28. Rxa7 Rc8 29. Nd7 Nc6 30. Bxc6 Rxc6 31. Nf8+ Kf5 32. Rxf7 Rxc3 33. Rxg7 Rxc2 34. Rb7 Ke5 35. Rxb5+ Kd4 36. h3 Ke3 37. Rb7 f3 38. Re7+ Kf4 39. Re4+ Kf5 40. g4# 1-0

[Event "European Blitz-ch 2018"]
[Site "Skopje"]
[Date "2018.12.06"]
[Round "9"]
[White "Guseinov, Gadir"]
[Black "Demidov, Mikhail"]
[Result "0-1"]
[WhiteElo "2664"]
[BlackElo "2520"]
[Annotator "TA"]
[PlyCount "152"]
[EventDate "2018.12.06"]
[EventType "swiss"]
[EventCountry "MKD"]

1. e4 e6 2. d4 d5 3. Nd2 dxe4 4. Nxe4 Bd7 5. Nf3 Bc6 6. Bd3 Nd7 7. Qe2 Bxe4 8. Bxe4 c6 9. O-O Ngf6 10. Bd3 g6 11. Ne5 Bg7 12. Bg5 O-O 13. Qf3 Qb6 14. Nxd7 Nxd7 15. c3 Qxb2 16. Bc4 Qa3 17. Rab1 Nb6 18. Bb3 Qd6 19. a4 Qd7 20. Rfd1 h6 21. Bc1 Nd5 22. a5 b6 23. Bxd5 cxd5 24. axb6 Rfb8 25. h4 Rxb6 26. Ra1 a5 27. c4 Rb4 28. cxd5 Qxd5 29. Qxd5 exd5 30. Be3 a4 31. Rd3 h5 32. Kh2 Bf8 33. Kg3 Rc4 34. Ra2 a3 35. Rb3 Bd6+ 36. Kf3 Rac8 37. Raxa3 Bxa3 38. Rxa3 Rc3 39. Ra5 Rd8 40. Kf4 Rc6 41. Kg3 Re6 42. Bf4 f6 43. Rc5 Rd7 44. Be3 Kf7 45. Kf3 Re4 46. g3 Re6 47. Ra5 Rc6 48. Rb5 Ke6 49. Ra5 Rg7 50. Ra8 Rd6 51. Rh8 Rgd7 52. Ra8 Kf7 53. Ra5 Rc6 54. Rb5 Ke6 55. Rb8 Kf7 56. Rb5 Rc8 57. Ra5 Ke6 58. Rb5 Kf5 59. Ra5 g5 60. hxg5 fxg5 61. Ra6 Rh8 62. Rb6 Rhh7 63. Ra6 g4+ 64. Kg2 h4 65. gxh4 Rxh4 66. Ra8 Rhh7 67. Rf8+ Rhf7 68. Rg8 Rg7 69. Re8 Rde7 70. Rf8+ Ref7 71. Re8 Re7 72. Rf8+ Ke4 73. Rf4+ Kd3 74. Rf5 g3 75. Bg5 gxf2 76. Rxd5 Ke2 0-1

[Event "European Blitz-ch 2018"]
[Site "Skopje"]
[Date "2018.12.06"]
[Round "9"]
[White "Anton Guijarro, David"]
[Black "Fridman, Daniel"]
[Result "1/2-1/2"]
[WhiteElo "2642"]
[BlackElo "2633"]
[PlyCount "117"]
[EventDate "2018.12.06"]
[EventType "swiss"]
[EventCountry "MKD"]

1. Nf3 d5 2. b3 Bg4 3. e3 Nc6 4. Bb2 e5 5. h3 Bxf3 6. Qxf3 Nf6 7. Bb5 Bd6 8. c4 O-O 9. cxd5 Nb4 10. Qd1 Nbxd5 11. O-O c6 12. Be2 e4 13. d3 Qe7 14. Qc1 Rad8 15. Rd1 Bb8 16. Nc3 exd3 17. Rxd3 Rfe8 18. Nxd5 Nxd5 19. Bf3 Nb4 20. Rxd8 Rxd8 21. Qc3 f6 22. Qc4+ Kh8 23. Bd4 Nd5 24. g3 Be5 25. Bxe5 fxe5 26. Rd1 Nf6 27. Rxd8+ Qxd8 28. Qc5 Qc7 29. Qf8+ Ng8 30. Be2 b5 31. Bg4 Qe7 32. Qc8 g6 33. Be6 Qg7 34. Qxc6 Qf8 35. Qxb5 Nf6 36. Qxe5 Kg7 37. g4 h6 38. h4 Kh7 39. Qc7+ Kh8 40. Qxa7 Qd6 41. Qf7 Qe5 42. Bc4 Qd6 43. Be6 Qe5 44. a4 Qa1+ 45. Kg2 Qe5 46. a5 h5 47. g5 Qe4+ 48. Kg1 Qb1+ 49. Kh2 Ng4+ 50. Bxg4 hxg4 51. Qe8+ Kh7 52. Qe7+ Kh8 53. Qd8+ Kh7 54. Qc7+ Kg8 55. a6 Qa2 56. a7 Qxf2+ 57. Kh1 Qf1+ 58. Kh2 Qf2+ 59. Kh1 1/2-1/2

[Event "European Blitz-ch 2018"]
[Site "Skopje"]
[Date "2018.12.06"]
[Round "9"]
[White "Lagarde, Maxime"]
[Black "Belyakov, Bogdan"]
[Result "1/2-1/2"]
[WhiteElo "2616"]
[BlackElo "2459"]
[Annotator "RC"]
[PlyCount "32"]
[EventDate "2018.12.06"]
[EventType "swiss"]
[EventCountry "MKD"]

1. e4 e5 2. Bc4 Nc6 3. d3 Nf6 4. Nc3 Na5 5. f4 Nxc4 6. dxc4 Bb4 7. fxe5 Nxe4 8. Qg4 Nxc3 9. a3 d5 10. Qxg7 Qh4+ 11. Kf1 Qxc4+ 12. Ke1 Qe4+ 13. Kf1 Qc4+ 14. Ke1 Qe4+ 15. Kf1 Qc4+ 16. Ke1 Qe4+ 1/2-1/2

[Event "European Blitz-ch 2018"]
[Site "Skopje"]
[Date "2018.12.06"]
[Round "9"]
[White "Erdos, Viktor"]
[Black "Ozen, Bahadir"]
[Result "1/2-1/2"]
[WhiteElo "2605"]
[BlackElo "2349"]
[Annotator "RC"]
[PlyCount "83"]
[EventDate "2018.12.06"]
[EventType "swiss"]
[EventCountry "MKD"]

1. Nf3 d5 2. d4 Nf6 3. c4 e6 4. e3 c5 5. a3 Nc6 6. dxc5 Bxc5 7. b4 Bd6 8. Bb2 O-O 9. Nbd2 b6 10. Be2 Bb7 11. O-O a5 12. b5 Ne7 13. Bxf6 gxf6 14. cxd5 Nxd5 15. Qb3 Rc8 16. Nc4 Bc5 17. Rfd1 Qe7 18. Nd4 Rfd8 19. Bf3 f5 20. Rac1 Qf6 21. Nc6 Bxc6 22. bxc6 Rxc6 23. g3 Rc7 24. Bxd5 exd5 25. Nd2 Rcd7 26. Nf3 d4 27. exd4 Bxd4 28. Kg2 Bc5 29. Rxd7 Rxd7 30. a4 Qe6 31. Qc2 Qe4 32. Qxe4 fxe4 33. Ng5 f5 34. Ne6 Rd5 35. Rc2 Kf7 36. Nxc5 Rxc5 37. Rb2 Rc6 38. Rb5 Kf6 39. h3 h5 40. g4 hxg4 41. hxg4 fxg4 42. Kg3 1/2-1/2

[Event "European Blitz-ch 2018"]
[Site "Skopje"]
[Date "2018.12.06"]
[Round "9"]
[White "Ivanisevic, Ivan"]
[Black "Tejedor Fuente, Enrique"]
[Result "1-0"]
[WhiteElo "2603"]
[BlackElo "2428"]
[Annotator "TA"]
[PlyCount "157"]
[EventDate "2018.12.06"]
[EventType "swiss"]
[EventCountry "MKD"]

1. d4 Nf6 2. Nf3 b6 3. Bg5 Ne4 4. Bh4 Bb7 5. e3 h6 6. Bd3 g5 7. Bg3 e6 8. Nbd2 Nxd2 9. Nxd2 d6 10. h4 Bxg2 11. Rh2 Bb7 12. hxg5 Qxg5 13. Ne4 Bxe4 14. Bxe4 d5 15. Bf3 Bd6 16. Bxd6 cxd6 17. Rg2 Qh4 18. c4 Qh1+ 19. Kd2 Qxd1+ 20. Rxd1 Nd7 21. cxd5 exd5 22. Bxd5 Rc8 23. Rg7 Rf8 24. Rh1 Nf6 25. Bb3 h5 26. f3 d5 27. Rg5 Ke7 28. Bxd5 Rg8 29. Rxg8 Rxg8 30. Bb3 Rg2+ 31. Kd3 Rg3 32. Ke2 Rg2+ 33. Kd3 Rg3 34. Bd1 Rg2 35. e4 Rxb2 36. Bb3 Rf2 37. Ke3 Rg2 38. e5 Ne8 39. Rxh5 Ng7 40. Rh7 b5 41. d5 Kf8 42. Rh8+ Ke7 43. d6+ Kd7 44. Bxf7 Nf5+ 45. Kf4 Nxd6 46. exd6 Kxd6 47. Rh6+ Kc5 48. Ra6 Rg7 49. Bb3 b4 50. Ke5 Kb5 51. Rd6 a5 52. Rd5+ Kb6 53. f4 Re7+ 54. Kd4 Re2 55. f5 a4 56. Bxa4 Rxa2 57. Bb3 Rf2 58. Ke3 Rf1 59. Ke4 Kc6 60. Rd3 Re1+ 61. Kf4 Rf1+ 62. Kg5 Rg1+ 63. Kf6 Kc5 64. Kf7 Rg2 65. f6 Rf2 66. Ke7 Re2+ 67. Kf8 Rh2 68. f7 Rf2 69. Ke7 Re2+ 70. Kf6 Rf2+ 71. Ke6 Kc6 72. Rd8 Re2+ 73. Kf6 Rf2+ 74. Kg5 Rg2+ 75. Kf4 Rb2 76. f8=Q Rxb3 77. Qd6+ Kb5 78. Qd5+ Ka4 79. Ra8# 1-0

[Event "European Blitz-ch 2018"]
[Site "Skopje"]
[Date "2018.12.06"]
[Round "9"]
[White "Banikas, Hristos"]
[Black "Stocek, Jiri"]
[Result "1-0"]
[WhiteElo "2601"]
[BlackElo "2576"]
[Annotator "TA"]
[PlyCount "59"]
[EventDate "2018.12.06"]
[EventType "swiss"]
[EventCountry "MKD"]

1. d4 d6 2. c4 e5 3. Nf3 e4 4. Ng5 f5 5. Nc3 Be7 6. Nh3 c6 7. f3 d5 8. Qb3 dxc4 9. Qxc4 exf3 10. exf3 Nd7 11. Qb3 Nb6 12. Be3 Nf6 13. Nf4 Nbd5 14. Ncxd5 Nxd5 15. Nxd5 Qxd5 16. Bc4 Qa5+ 17. Bd2 Qb6 18. O-O-O Qxb3 19. Bxb3 Bd7 20. Rhe1 Kd8 21. d5 c5 22. d6 Bf6 23. Bc3 Rf8 24. Bxf6+ Rxf6 25. Re7 Rxd6 26. Rxg7 Rxd1+ 27. Kxd1 h5 28. Kc2 Rc8 29. Bd5 Kc7 30. Be6 1-0

[Event "European Blitz-ch 2018"]
[Site "Skopje"]
[Date "2018.12.06"]
[Round "9"]
[White "Bartel, Mateusz"]
[Black "Pershin, Denis"]
[Result "0-1"]
[WhiteElo "2600"]
[BlackElo "2400"]
[Annotator "TA"]
[PlyCount "92"]
[EventDate "2018.12.06"]
[EventType "swiss"]
[EventCountry "MKD"]

1. e4 c6 2. d4 d5 3. e5 Bf5 4. Nf3 e6 5. Be2 c5 6. O-O Nc6 7. Be3 Qb6 8. dxc5 Bxc5 9. Bxc5 Qxc5 10. c3 Nge7 11. Nbd2 O-O 12. Nb3 Qb6 13. Qd2 Be4 14. Ng5 Bg6 15. Qf4 h6 16. Nf3 Be4 17. Nfd2 Bh7 18. Bh5 Bg6 19. Bg4 Bh7 20. Rfe1 a5 21. Qe3 Qc7 22. Nd4 Nxd4 23. Qxd4 Nc6 24. Qe3 Rfd8 25. Rac1 Qe7 26. f4 Rac8 27. Nf3 Be4 28. Nd4 Nxd4 29. cxd4 Qb4 30. Qf2 Rc4 31. Rxc4 Qxc4 32. a3 Rc8 33. h3 Qd3 34. Re2 Rc1+ 35. Kh2 Rd1 36. Re3 Rd2 37. Rxd3 Rxf2 38. Rg3 Rxb2 39. h4 b5 40. Bd1 b4 41. axb4 axb4 42. Kh3 Rd2 43. Bb3 Rd3 44. Rxd3 Bxd3 45. Kg3 Bc4 46. Bc2 Ba2 0-1

[Event "European Blitz-ch 2018"]
[Site "Skopje"]
[Date "2018.12.06"]
[Round "9"]
[White "Bosiocic, Marin"]
[Black "Dragnev, Valentin"]
[Result "1-0"]
[WhiteElo "2599"]
[BlackElo "2483"]
[Annotator "TA"]
[PlyCount "73"]
[EventDate "2018.12.06"]
[EventType "swiss"]
[EventCountry "MKD"]

1. c4 e6 2. Nf3 d5 3. g3 Nf6 4. Bg2 dxc4 5. O-O a6 6. a4 Nc6 7. a5 Be7 8. Qa4 O-O 9. Qxc4 e5 10. Nc3 Be6 11. Qa4 Nd7 12. d4 exd4 13. Nxd4 Nxd4 14. Qxd4 Nc5 15. Qe3 Nb3 16. Ra4 c6 17. Rd1 Qc7 18. Qf4 Bd8 19. Qf3 Nxc1 20. Rxc1 Be7 21. Qh5 Rad8 22. Be4 g6 23. Qh6 Bf6 24. Bd3 Qe7 25. Ne4 Bg7 26. Qf4 Bxb2 27. Rb1 Bg7 28. Rab4 Rd7 29. h4 Rfd8 30. h5 Bf5 31. h6 Be5 32. Qc1 Bd4 33. Qf4 Re8 34. Rxd4 Rxd4 35. Rxb7 Qd8 36. f3 Bxe4 37. Qxf7+ 1-0

[Event "European Blitz-ch 2018"]
[Site "Skopje"]
[Date "2018.12.06"]
[Round "9"]
[White "Perunovic, Milos"]
[Black "Milanovic, Danilo"]
[Result "1/2-1/2"]
[WhiteElo "2597"]
[BlackElo "2494"]
[Annotator "TA"]
[PlyCount "53"]
[EventDate "2018.12.06"]
[EventType "swiss"]
[EventCountry "MKD"]

1. e4 d5 2. exd5 Qxd5 3. Nf3 Nf6 4. d4 Bf5 5. c4 Qd8 6. Nc3 e6 7. Be2 Be7 8. O-O Nbd7 9. Nh4 Bg6 10. Nxg6 hxg6 11. Be3 Bd6 12. g3 O-O 13. Bf3 c6 14. Re1 Re8 15. Bg2 Qc7 16. h3 a6 17. Qb3 e5 18. dxe5 Bxe5 19. Rad1 Rad8 20. Qc2 Bd6 21. Ne4 Nxe4 22. Bxe4 Bf8 23. Bg2 Nf6 24. Bg5 Rxe1+ 25. Rxe1 Bc5 26. Bxf6 gxf6 27. Kh2 1/2-1/2

[Event "European Blitz-ch 2018"]
[Site "Skopje"]
[Date "2018.12.06"]
[Round "9"]
[White "Moroni, Luca Jr"]
[Black "Djukic, Nikola"]
[Result "1-0"]
[WhiteElo "2564"]
[BlackElo "2574"]
[Annotator "TA"]
[PlyCount "61"]
[EventDate "2018.12.06"]
[EventType "swiss"]
[EventCountry "MKD"]

1. d4 Nf6 2. Nf3 g6 3. c4 Bg7 4. g3 O-O 5. Bg2 d5 6. cxd5 Nxd5 7. O-O Nb6 8. e3 Nc6 9. Nh4 e5 10. d5 Nb4 11. Nc3 c6 12. e4 cxd5 13. exd5 f5 14. Qb3 Nd3 15. Be3 e4 16. Rad1 g5 17. Nxf5 Bxf5 18. Nxe4 Nxb2 19. Bxg5 Qd7 20. Rc1 Rac8 21. Nc5 Qf7 22. Ne6 Rxc1 23. Rxc1 Bxe6 24. dxe6 Qxf2+ 25. Kh1 Re8 26. e7+ Kh8 27. Rf1 Qc5 28. Qf7 Rg8 29. Qxg8+ Kxg8 30. e8=Q+ Bf8 31. Bh6 1-0

[Event "European Blitz-ch 2018"]
[Site "Skopje"]
[Date "2018.12.06"]
[Round "9"]
[White "Sebenik, Matej"]
[Black "Jovic, Stanoje"]
[Result "1-0"]
[WhiteElo "2536"]
[BlackElo "2240"]
[Annotator "RC"]
[PlyCount "37"]
[EventDate "2018.12.06"]
[EventType "swiss"]
[EventCountry "MKD"]

1. Nf3 Nf6 2. c4 e6 3. g3 b6 4. Bg2 Bb7 5. d4 Bb4+ 6. Bd2 Be7 7. O-O O-O 8. Nc3 Ne4 9. d5 f5 10. Qc2 Nxd2 11. Nxd2 a5 12. d6 Bxg2 13. dxe7 Qxe7 14. Kxg2 Nc6 15. e3 g5 16. f4 g4 17. e4 Nd4 18. Qd3 c5 19. Ne2 1-0

[Event "European Blitz-ch 2018"]
[Site "Skopje"]
[Date "2018.12.06"]
[Round "9"]
[White "Saric, Ante"]
[Black "Arsovic, Zoran"]
[Result "1-0"]
[WhiteElo "2533"]
[BlackElo "2422"]
[Annotator "TA"]
[PlyCount "51"]
[EventDate "2018.12.06"]
[EventType "swiss"]
[EventCountry "MKD"]

1. Nf3 c5 2. c4 Nf6 3. Nc3 e6 4. g3 b6 5. Bg2 Bb7 6. O-O d6 7. b3 a6 8. Bb2 Be7 9. e3 O-O 10. d3 Nbd7 11. Qe2 Qb8 12. Ne1 b5 13. f4 d5 14. g4 bxc4 15. dxc4 dxc4 16. g5 Bxg2 17. Nxg2 Nd5 18. bxc4 Nxc3 19. Bxc3 Qb7 20. e4 Rab8 21. h4 f6 22. Rae1 Qc6 23. Qg4 Nb6 24. f5 Nxc4 25. fxe6 Rb6 26. gxf6 1-0